[Event "Al Ain op 4th"]
[Site "Al Ain"]
[Date "2015.12.27"]
[Round "6"]
[White "Shirov, Alexei"]
[Black "Wang, Hao"]
[Result "1/2-1/2"]
[WhiteElo "2676"]
[BlackElo "2707"]
[Annotator "Mokal,P"]
[PlyCount "70"]
[EventDate "2015.12.23"]
[EventType "swiss"]
[EventRounds "9"]
[EventCountry "UAE"]
[SourceTitle "CBM 170"]
[Source "ChessBase"]
[SourceDate "2016.01.15"]
[SourceVersion "1"]
[SourceVersionDate "2016.01.15"]
[SourceQuality "1"]

{With Wang Hao on 5/5 and Shirov half a point behind, this game was expected
to display some fireworks. But as has been the custom since the year 2000,
Black used the Berlin Wall to douse any fire before it even got started.} 1. e4
e5 2. Nf3 Nc6 3. Bb5 Nf6 4. O-O Nxe4 5. Re1 {For now, Shirov chooses one of
the many possible ways to avoid the Q exchanges.} ({He declines the offer of
debating the Berlin endgame with} 5. d4 Nd6 6. Bxc6 dxc6 7. dxe5 Nf5 8. Qxd8+
Kxd8) 5... Nd6 6. Nxe5 Be7 7. Bf1 Nxe5 8. Rxe5 O-O 9. Nc3 (9. d4 {is much more
popular, grabbing some space and central control, although Black has good
chances of equalising here too.}) 9... Bf6 10. Re1 Re8 11. Nd5 {An off-beat
choice which has been used as a one-time surprise by a couple of top players.}
({Topalov vs Grischuk went straight to an endgame after} 11. Rxe8+ Nxe8 (11...
Qxe8 12. d4 {gives White space in favourable conditions.}) 12. Nd5 Bg5 (12...
Bh4 13. g3 {1/2-1/2 Vallejo Pons,F (2697)-Ponomariov,R (2734)/Sestao 2010;
ended in a premature draw.}) 13. c4 c6 14. Nc3 Nf6 15. d4 Bxc1 16. Rxc1 d5 17.
Qb3 dxc4 18. Bxc4 Qe7 19. a4 b6 20. d5 cxd5 21. Nxd5 Nxd5 22. Bxd5 Be6 23. Bxe6
Qxe6 24. Qxe6 fxe6 {[%csl Re6] One of those R_|_ where Black is slightly worse
but he can draw with active play. That is exactly what Grischuk did -} 25. Kf1
(25. Rc7 Rd8 26. g3 Rd2 27. b3 Rd3 28. Rxa7 Rxb3 $11) 25... Rd8 26. Rc4 Rd2 27.
b4 a6 28. Rc6 Ra2 29. Rxe6 Rxa4 30. Rxb6 a5 31. b5 Rb4 32. g3 a4 33. Kg2 a3 34.
Ra6 Rxb5 35. Rxa3 Kf7 36. Ra2 h5 37. f4 g6 38. Kh3 Kf6 39. Kh4 Rc5 40. Ra7 Rc2
41. Ra6+ Kg7 42. h3 Rc4 43. Re6 Kh6 44. Rf6 Ra4 45. g4 Rxf4 46. Rxf4 g5+ 47.
Kg3 gxf4+ 48. Kxf4 hxg4 49. Kxg4 {1/2-1/2 Topalov,V (2767)-Grischuk,A (2780)/
Beijing CHN 2013/The Week in Chess 975}) 11... Rxe1 12. Qxe1 b6 13. d3 ({
Here Adams had tried} 13. g3 {but failed to get any advantage after} Bb7 14.
Bg2 c6 15. Ne3 Qe7 16. d3 Nf5 17. c3 d5 18. Bd2 Nxe3 19. Qxe3 Qxe3 20. Bxe3 $11
{1/2-1/2 Adams,M (2710)-Kramnik,V (2795)/London 2012 (38)}) ({Aronian chose} 
13. Nxf6+ Qxf6 14. f3 {to beat Anand in Zurich in February 2015, but since it
was a blitz game, one cannot make too much out of it.} Bb7 15. Qf2 Re8 ({
It would probably make sense to stop d4 with} 15... Nf5 16. c3 c5 {White can
still try to prove something because of his ^^ with} 17. b3 {but it should not
be that bad for Black.}) 16. d4 h6 (16... h5 $5) 17. Bd2 Nf5 (17... Bd5 $5 18.
b3 {[%cal Gc2c4]} (18. Re1 Rxe1 19. Bxe1 Bxa2 20. b3 Nf5 $15 {[%csl Ra2] White
cannot really win the B.}) 18... c5 19. Re1 Rxe1 20. Bxe1 cxd4) 18. c3 $14 {
[%csl Gd2,Gd4,Gf1]} Nh4 19. Bd3 Ng6 20. Re1 Rxe1+ 21. Qxe1 Qe6 22. Qxe6 dxe6
23. c4 Kf8 24. Kf2 Ke8 25. Bc2 Ne7 26. g4 Ba6 27. Bd3 f6 28. h4 $16 {1-0
Aronian,L (2777)-Anand,V (2797)/Zurich 2015. (43)}) 13... Bb7 14. Nxf6+ Qxf6
15. Qc3 ({Previously White tried but failed to get any advantage with} 15. Qb4
Nf5 16. c3 Re8 17. Bd2 c5 18. Qf4 h6 19. Re1 Rxe1 20. Bxe1 d6 21. h4 g6 22. Bd2
h5 $11 {1/2-1/2 Vachier Lagrave,M (2744)-So,W (2773)/Baku 2015 (41). This
combination of Bb7 and Nf5 keeps things under perfect control.}) 15... Qxc3 16.
bxc3 {It seems really tough to find an ambitious plan for White here. Black's
position is really very solid structure-wise and all his pieces are doing good
jobs. Meanwhile, White does not have a good way to utilise his double Bs.} Nf5
{If attacked with g4 the N will go to h4 and create problems for White on the
f3-square.} 17. f3 Re8 18. Kf2 Bc6 19. Bf4 d6 20. d4 f6 {White cannot play c4
with the d4-pawn hanging and trying to dislodge Black's pieces from good posts
will require some structural concessions.} 21. Bd3 ({It does not help to play} 
21. g4 g5 (21... Nh4 22. Bg3 (22. Be2 g5) 22... g5 {is also possible.}) 22.
Bxg5 (22. Bd2 Nh4 $11) 22... fxg5 23. gxf5 Kg7 24. Bd3 Kf6 $11 {as White's
weaknesses give Black easy equality. He threatens to just take back the pawn
with ...Bd7-Bf5.}) (21. Bc4+ Kh8 (21... d5 22. Ba6 Re7 23. Bd3 g6 24. Bxf5 gxf5
25. Re1 Kf7 26. Rxe7+ Kxe7 27. Bxc7 Ba4 {also looks equal.}) (21... Kf8 {
may be avoided as it allows a check in one sequence.} 22. Bd3 (22. d5 Bd7)
22... g6 23. g4 Nh4 24. Bh6+ Kg8 25. Bc4+ Kh8 26. Be2) 22. Bd3 g6 {and it is
similar to the game.}) 21... g6 22. a4 a5 {[%csl Ra4]} 23. Bxf5 gxf5 $11 {
Opposite coloured bishops with one structural weakness for both sides. There
is nothing left in the game now.} 24. c4 Rb8 25. c3 Kf7 26. c5 bxc5 27. dxc5
Rb2+ 28. Kg3 Rc2 29. cxd6 cxd6 30. Bxd6 Rxc3 31. Re1 Rd3 32. Re7+ Kg6 33. Bc5
Bxa4 34. Ra7 Bd7 35. Rxa5 Rd5 1/2-1/2

[Event "Sigeman & Co 12th"]
[Site "Malmo/Copenhagen"]
[Date "2004.05.03"]
[Round "4"]
[White "De Firmian, Nick E"]
[Black "Nielsen, Peter Heine"]
[Result "0-1"]
[WhiteElo "2542"]
[BlackElo "2628"]
[Annotator "Mueller,Karsten"]
[PlyCount "108"]
[EventDate "2004.04.30"]
[EventType "tourn"]
[EventRounds "9"]
[EventCountry "SWE"]
[EventCategory "13"]
[SourceTitle "CBM 101"]
[Source "ChessBase"]
[SourceDate "2004.07.27"]
[SourceVersion "1"]
[SourceVersionDate "2004.07.27"]
[SourceQuality "1"]

1. e4 e5 2. Nf3 Nc6 3. Bb5 Nf6 4. O-O Nxe4 5. d4 Nd6 6. Bxc6 dxc6 7. dxe5 Nf5
8. Qxd8+ Kxd8 9. Nc3 Bd7 10. Rd1 Kc8 11. Ng5 Be8 12. h3 b6 13. g4 Nh4 14. f4
Be7 15. Nge4 h5 16. Kf2 Ng6 17. Kg3 Bh4+ 18. Kf3 Be7 19. Kg3 Bh4+ 20. Kf3 Be7
21. Nf2 f6 22. exf6 gxf6 23. f5 Ne5+ 24. Kg3 Rg8 25. Nce4 c5 26. Bf4 Nc6 27. c3
a5 28. Kf3 a4 29. Ng3 hxg4+ 30. hxg4 Ra5 31. Rd2 c4 32. a3 Ne5+ 33. Bxe5 Rxe5
34. Nfe4 Bc6 35. Kf4 Rh8 36. Rf1 Rh3 37. Rff2 Rh8 38. Rh2 Re8 39. Rh7 Bxa3 40.
Nxf6 Bc5 41. Nxe8 Rxe8 42. Rd4 Bxd4 43. cxd4 b5 44. f6 b4 45. f7 Rf8 46. g5 Bd5
47. g6 c3 48. bxc3 b3 49. Ke5 Rd8 50. Ne4 b2 51. Nd2 a3 52. Rh8 $5 {A last
despairing try, but Nielsen is on his guard: der letzte verzweifelte Versuch.
Doch Nielsen ist auf der Hut:} {[%tqu "En","And what did Black have up his
sleeve?","","","d5f7","",4,"d8h8","",0,"De","Welche Keule hatte Schwarz in
petto?","","","d5f7","",4,"d8h8","",0]} Bxf7 $1 (52... Rxh8 $2 53. Kxd5 a2 54.
g7 Rd8+ 55. Ke6 b1=Q 56. Nxb1 axb1=Q 57. f8=Q {and astonishingly enough it is
not clear whether Black can win. und es ist erstaunlicherweise nicht klar, ob
Schwarz gewinnen kann.}) 53. Rxd8+ Kxd8 54. gxf7 Ke7 (54... Ke7 55. Nb1 a2 $19)
0-1

[Event "Bundesliga 0506"]
[Site "Germany"]
[Date "2005.12.10"]
[Round "5.1"]
[White "Vogt, Lothar"]
[Black "McShane, Luke J"]
[Result "0-1"]
[WhiteElo "2484"]
[BlackElo "2605"]
[Annotator "Mueller,Karsten"]
[PlyCount "106"]
[EventDate "2005.10.21"]
[EventType "team-tourn"]
[EventRounds "15"]
[EventCountry "GER"]
[SourceTitle "CBM 111"]
[Source "ChessBase"]
[SourceDate "2006.04.04"]
[SourceVersion "1"]
[SourceVersionDate "2006.04.04"]
[SourceQuality "1"]
[WhiteTeam "Leipzig Gohlis"]
[BlackTeam "Werder Bremen"]
[WhiteTeamCountry "GER"]
[BlackTeamCountry "GER"]

1. e4 e5 2. Nf3 Nc6 3. Bb5 Nf6 4. O-O Nxe4 5. d4 Nd6 6. Bxc6 dxc6 7. dxe5 Nf5
8. Qxd8+ Kxd8 9. Rd1+ Ke8 10. Nc3 Ne7 11. h3 Ng6 12. Re1 Bb4 13. Bd2 Bxc3 14.
Bxc3 Be6 15. Rad1 c5 16. a3 a5 17. Ng5 b6 18. Kh2 h6 19. Ne4 h5 20. Bd2 Bf5 21.
Bg5 Nf8 22. c3 Ne6 23. h4 c4 24. f3 Kf8 25. Rd5 Re8 26. Ng3 Bd3 27. b3 Kg8 28.
bxc4 Bxc4 29. Rd7 Bb5 30. Rd5 Bc6 31. Rd2 Kh7 32. f4 Nxg5 33. hxg5 Kg6 34. Kh3
h4 35. Ne2 Bb7 36. Nd4 Bc8+ 37. Kh2 Rd8 38. Ree2 Bg4 39. Rf2 Rhe8 40. Nb5 Rxd2
41. Rxd2 Re7 42. Rd8 Kf5 43. g3 h3 44. Nd4+ Ke4 45. Nc6 $2 {[%mdl 4096] Eine
Fehleinschätzung des folgenden Abtauschs.} ({Nach} 45. Nb5 {[%cal Gb5c7] ist
es für Schwarz nicht so leicht, Fortschritte zu machen.}) 45... Rd7 $1 {
Ohne seinen Turm ist der Springer beim Kampf auf beiden Flügeln gleich viel
hilfloser.} 46. Rxd7 Bxd7 47. Nd8 Kd5 48. Nxf7 b5 49. Nd8 $2 {Danach ist es
aus. Die letzte Chance bestand in} (49. Nh6 Ke4 $1 (49... c5 $2 50. f5 Kxe5 51.
f6 gxf6 52. g6 Be6 53. g7 b4 54. cxb4 cxb4 55. axb4 axb4 56. Ng4+ Kd4 57. Nf2
f5 (57... b3 58. Nd1 Kd3 59. Nb2+ Kc3 60. Na4+ Kb4 61. Nb2 Ka3 62. Nd1 b2 63.
Nc3 Kb3 64. Nb1 Kc2 65. Na3+ Kd3 66. g4) 58. Nd1 (58. Kxh3 $2 Ke3 $19) 58...
Ke5 59. Kxh3 Kf6 60. Kg2 Kxg7 61. Kf3 Kf6 62. Kf4 b3 63. Nb2 {und in beiden
Fällen leistet Weiß noch Widerstand.}) 50. Nf7 c5 51. Nd6+ Kd5 52. f5 Kxe5 53.
Nb7 Bxf5 54. Nxc5 a4 {und Schwarz sollte sich letztlich durchsetzen.}) 49... c5
50. Nb7 b4 51. cxb4 cxb4 52. axb4 axb4 53. Na5 Bg4 (53... Bg4 {und der b-Bauer
wird den weißen Springer kosten:} 54. Nb3 Kc4 55. Nd2+ Kd3 56. Nb3 Kc3 57. Nc5
b3 58. Nxb3 (58. e6 Bxe6 59. Nxe6 b2 $19) 58... Kxb3 $19 {[%cal Gb3g3]}) 0-1

[Event "Elista FIDE GP"]
[Site "Elista"]
[Date "2008.12.14"]
[Round "1"]
[White "Jakovenko, Dmitrij"]
[Black "Wang, Yue"]
[Result "1-0"]
[WhiteElo "2737"]
[BlackElo "2736"]
[Annotator "Mueller,Karsten"]
[PlyCount "108"]
[EventDate "2008.12.14"]
[EventType "tourn"]
[EventRounds "13"]
[EventCountry "RUS"]
[EventCategory "19"]
[SourceTitle "CBM 128"]
[Source "ChessBase"]
[SourceDate "2009.01.28"]
[SourceVersion "1"]
[SourceVersionDate "2009.01.28"]
[SourceQuality "1"]

1. e4 e5 2. Nf3 Nc6 3. Bb5 Nf6 4. O-O Nxe4 5. d4 Nd6 6. Bxc6 dxc6 7. dxe5 Nf5
8. Qxd8+ Kxd8 9. Nc3 Ke8 10. h3 Be7 11. g4 Nh4 12. Nxh4 Bxh4 13. Rd1 Be7 14.
Kg2 h5 (14... Be6 15. Be3 a5 16. Ne2 h5 17. f3 a4 18. Nf4 g6 19. Rd2 Rd8 20.
Rxd8+ Kxd8 21. Rd1+ Ke8 22. Nxe6 fxe6 23. Rd4 b5 24. Rd3 Rh7 25. b3 axb3 26.
cxb3 $6 (26. axb3 $142) 26... Ba3 27. Bg5 Rd7 $1 $11 {Now the resulting bishop
ending is a relatively easy draw because of the passed black c-pawn which will
arise: Nun ist das entstehende Läuferendspiel wegen des entstehenden schwarzen
Freibauern auf der c-Linie relativ leicht remis:} 28. Rxd7 Kxd7 29. f4 hxg4 30.
hxg4 c5 31. Kf3 c4 32. bxc4 bxc4 33. Ke4 c5 34. f5 gxf5+ 35. gxf5 exf5+ 36.
Kxf5 c3 37. e6+ Ke8 38. Ke4 c2 39. Kd5 c1=Q 40. Bxc1 Bxc1 41. Kxc5 {1/2-1/2
Karjakin,S (2727)-Wang Yue (2704), Sochi 2008}) 15. f3 Be6 16. Ne2 Rd8 17. Be3
a6 18. Nf4 g6 19. Rxd8+ (19. b3 Rd7 20. Nd3 Kd8 21. Nc5 Rxd1 22. Rxd1+ Kc8 23.
Nxe6 fxe6 24. f4 b5 25. Bf2 Rh7 26. Rd3 hxg4 27. hxg4 Rh8 28. Rh3 Rxh3 29. Kxh3
Kd7 30. c4 Bb4 31. Kg2 Ke8 32. Kf3 Bd2 33. Ke4 Bb4 34. Bh4 Bd2 35. Bf2 Bb4 36.
Kd3 Kd7 37. Be3 Ba5 38. Bd2 Bb6 39. Be3 Ba5 40. a3 Be1 41. Bc5 Bg3 42. Ke3 Bh4
43. Bb4 Kd8 44. Kf3 Kd7 45. Kg2 Ke8 46. Kf3 Kd7 47. Ke4 Bf2 48. f5 gxf5+ 49.
gxf5 exf5+ 50. Kxf5 bxc4 51. bxc4 Bd4 {This ending too is very easy to draw
because White cannot get at the black c-pawns: Auch dieses Endspiel ist recht
leicht remis zu halten, weil Weiß an die schwarzen c-Bauern nicht herankommt:}
52. Kf6 Bb2 53. Bc5 Bc3 54. Kf5 Bb2 55. Kf6 Bc3 56. Be3 Bb2 57. a4 Bc3 58. Bf4
Ke8 59. Ke6 (59. Kf5 Ke7 60. e6 Kd8 61. Be5 Ba5 62. Kf6 Ke8 $11) 59... Bb4 60.
Be3 Ba5 61. Bc5 Bc3 62. Be3 Ba5 63. Bf4 {1/2-1/2 Adams,M (2734)-Wang Yue (2736)
, Kallithea 2008}) 19... Kxd8 20. Rd1+ Kc8 21. Nxe6 fxe6 22. f4 b5 23. b3 Rh7
24. Bf2 hxg4 25. hxg4 Rh8 26. Rh1 Rxh1 27. Kxh1 Kd7 28. Kg2 Bb4 29. Kf3 Ke8 30.
Ke4 Ke7 31. Bh4+ Ke8 32. f5 gxf5+ 33. gxf5 exf5+ 34. Kxf5 Bc3 35. Bf2 Ke7 36.
e6 Ke8 37. Bg3 Ba5 38. Be5 Bb6 39. c3 c5 40. c4 {With this setup White has
very good practical winning chances. In dieser Konstellation hat Weiß sehr
gute praktische Gewinnchancen.} Ba5 $2 {[%mdl 4096] After this the penetration
of the queenside by the white king will bring about the win. Danach wird der
weiße König gewinnbringend am Damenflügel eindringen.} (40... bxc4 41. bxc4 c6
{was required: war vonnöten:} 42. Bd6 Ba5 43. Bxc5 (43. e7 $6 Kf7 $11) (43. Kf6
$6 Bc3+ 44. Be5 Be1 45. e7 Bh4+ $11) 43... Be1 {and I haven't found a way to
crack open the black fortress. und ich habe keinen Weg gefunden, die schwarze
Festung zu knacken, z.B.} 44. Ke4 Bc3 45. Kd3 Be5 46. Kc2 (46. Bb4 Bf6 47. Kc2
Bh4 48. Kb3 a5 (48... Bg3 $2 49. Ka4 Bc7 50. a3 $18) 49. Bxa5 Ke7 50. Bb6 Kxe6
51. a4 Kd7 52. a5 Kc8 53. a6 Kb8 $11) 46... Bf6 47. Kb3 a5 $1 (47... Bd8 $2 48.
Bd6 Ba5 49. Ka4 Be1 50. Bb4 $18) 48. Bd6 (48. Bb6 Ke7 49. Ka4 Bc3 50. Bxa5 Bd4
51. Bc7 Bc3 52. Kb3 Be1 53. Bb6 Kxe6 54. a4 Kd7 55. a5 Kc8 56. a6 Kb8 $11)
48... Bd4 49. Ka4 Bc3 50. Bc7 Ke7 51. Bxa5 Bd4 52. Bc7 Bc3 53. Kb3 Be1 54. a4
Kxe6 55. a5 Kd7 56. Bb6 Kc8 57. a6 Kb8 $11) 41. Kf6 c6 (41... bxc4 42. bxc4 Kf8
43. Bb2 $1 c6 (43... Bb4 44. Ke5 Ke7 45. Bc1 a5 46. Bg5+ Ke8 47. a4 $18) 44.
e7+ Ke8 45. Be5 Bd2 46. Bc7 Be1 47. Ke6 Bh4 48. Kd6 $18) 42. e7 Be1 43. Ke6 Bh4
44. Kd6 Bxe7+ 45. Kxc6 bxc4 46. bxc4 Kd8 47. Bd6 Bh4 (47... Bxd6 48. Kxd6 Kc8
49. Kxc5 Kc7 50. a4 Kb7 51. Kd6 Kc8 52. Kc6 $18) 48. Bxc5 Kc8 49. Kb6 a5 50.
Kxa5 Kb7 51. Kb5 Bg3 52. a4 Ka8 53. Be3 Bd6 54. Bd2 Kb7 (54... Kb7 55. Bb4 Bg3
56. c5 Be5 57. c6+ Ka7 (57... Kc7 58. a5 Kc8 59. Kc4 Bc7 60. Kd5 $18) 58. Kc4
Kb6 59. Kd5 Bc7 60. Bc3 Bg3 61. Bd4+ Ka6 62. Ke6 Bc7 63. Kd7 Bg3 64. Bc5 $18)
1-0

[Event "Bazna Kings 5th"]
[Site "Medias"]
[Date "2011.06.13"]
[Round "3"]
[White "Nisipeanu, Liviu Dieter"]
[Black "Ivanchuk, Vassily"]
[Result "1-0"]
[WhiteElo "2659"]
[BlackElo "2776"]
[Annotator "Nisipeanu,LD"]
[PlyCount "107"]
[EventDate "2011.06.11"]
[EventType "tourn"]
[EventRounds "10"]
[EventCountry "ROU"]
[EventCategory "21"]
[SourceTitle "CBM 143"]
[Source "ChessBase"]
[SourceDate "2011.07.15"]
[SourceVersion "1"]
[SourceVersionDate "2011.07.15"]
[SourceQuality "1"]

1. e4 e5 2. Nf3 Nc6 3. Bb5 Nf6 4. O-O Nxe4 {A pleaseant surprise for two
reasons: I have never lost with White in the Berlin and computer analysis is
not possible here.} 5. d4 Nd6 6. Bxc6 dxc6 7. dxe5 Nf5 8. Qxd8+ Kxd8 9. Nc3 Ne7
10. Ne4 Ng6 11. b3 Ke8 12. Bb2 c5 {A logical novelty, played very quickly by
my opponent.} ({The game Gashimov-Onischuk went} 12... Bf5 13. Rfe1 Nf4 14. g3
Ne6 15. Nh4 Bg4 16. f3 Bh5 17. f4 $14) 13. Nfd2 $5 {An interesting idea found
over the board. I thought that the best square for this knight is e3 and I
decided to switch it there as soon as possible.} h5 {Played very quickly again.
Black had many possibilities and I was really taken aback by the speed of
Ivanchuk's decisions.} ({After the logical} 13... Bf5 {I was intending} 14. f3
{with the idea Nc4-e3, allthough I am not sure how good it really is.}) 14. Nc4
b6 15. f4 Ne7 ({Possibly better was} 15... Bf5 16. Rae1 ({During the game} 16.
Ng3 {seemed strong to me, but after} Bxc2 17. f5 Ne7 18. f6 Nc6 19. e6 g6 $1 {
the position is unclear.}) 16... h4 17. Ng5 $14) 16. Ne3 Nf5 17. Nd5 Bb7 18.
Rfd1 Bxd5 19. Rxd5 $14 {White has deprived Black of his bishop pair and now
enjoys a risk-free small advantage.} a5 $6 (19... Ne3 20. Rd2 Rd8 21. Rxd8+
Kxd8 22. c4 $14 {was a tougher defence.}) 20. Re1 $1 $16 {Now, besides the
positional problems, Black has to face some tactical ones as well.} Rd8 (20...
Rh6 $2 {loses to the amusing} 21. Nf6+ Ke7 22. Ng8+) (20... c6 {is what the
program suggests, but every Berlin player knows that this move is not a good
sign for Black. It takes away the best square for the black king and it
weakens the d6-square as well.}) 21. Nf6+ Ke7 22. e6 $5 {A nice tactical
stroke, which nets White a pawn.} (22. Red1 Rc8 23. Ne4 Ke8 24. Kf2 $16 {
was also good, possibly even better then the game continuation, but with time
trouble approaching, I wanted to force the issue a bit.}) 22... Rxd5 23. Nxd5+
Kd6 24. exf7 Kxd5 25. Re5+ Kd6 26. Rxf5 Ke6 27. Rg5 Kxf7 28. Be5 {After a
sequence of forced moves we reached a position which I evaluated as winning
for White. Unfortunately Ivanchuk's move brought me back down to earth.} c4 $1
{Of course!} ({I was hoping for} 28... c6 29. c4 Rg8 30. f5 Be7 31. Rg6 Bf6 32.
Bxf6 gxf6 33. Rxg8 Kxg8 34. Kf2 {with a winning pawn ending}) 29. Bxc7 Bc5+ 30.
Kf1 Rc8 (30... g6 $1 31. Rd5 cxb3 32. cxb3 Rc8 33. Be5 Ke6 34. Rd2 Kf5 35. g3
h4 {would have given Black decent chances for a draw.}) 31. Be5 g6 32. f5 $1
gxf5 33. Rxh5 $1 (33. Rxf5+ {is not good:} Ke6 34. Rxh5 Rf8+ 35. Ke1 Rf2 {
with strong counterplay.}) 33... Rd8 34. Bc3 cxb3 35. cxb3 (35. Rxf5+ {was
better:} Kg6 36. Rf6+ Kg5 37. cxb3 Rd1+ 38. Ke2 Rg1 39. h4+ Kxh4 40. Rg6 Kh5
41. Rg8 $16 {but I was too low on time to see that.}) 35... Kg6 36. Rh8 Rd3 37.
Rh3 Be3 $2 {A blunder} (37... Rd1+ 38. Ke2 Rc1 39. Rg3+ Kh5 40. Kd3 $16) 38.
Be1 $4 (38. Be5 {with the idea Bf4 would have won immediately, but this move
never really occurred to me in the few seconds I had on the clock to reach the
time control.}) 38... f4 39. Ke2 Rd8 40. g3 Rc8 {Now the win is quite
problematic, if at all possible.} 41. gxf4 (41. a4 {was interesting, since} b5
$2 42. axb5 Rb8 43. Kf3 Rxb5 44. gxf4 Rxb3 45. Ke4 {is losing for Black. On
the other hand ...b5 constantly remains a threat after pushing the pawn to a4.}
) 41... Bxf4 42. Rc3 {Even if this move allows Black to draw by force, I can't
'award' it a question mark, since I think that it was the best chance in over
the board play.} (42. a4 Re8+ 43. Kf1 Re5 44. Rd3 b5 {is probably a draw.})
42... Re8+ ({It seems that Black had a draw with} 42... Rxc3 $1 43. Bxc3 Bxh2
44. Kd3 Kf5 45. Kc4 Ke6 46. Bd4 (46. Kb5 Bg1 47. Kc6 Bf2 48. a4 Bg1 49. Be1 Ke5
50. Bg3+ Kd4 51. Kxb6 Kc3+ 52. Kxa5 Kxb3 53. Kb5 Bb6 $1 $11) 46... a4 47. b4
Bd6 48. Kb5 Bxb4 49. Kxb4 Kd5 50. Bf2 Kc6 51. a3 {and according to the
tablebases, this is a draw.}) 43. Kd1 Rd8+ 44. Kc2 Re8 ({Now the bishop ending
is winning for White after} 44... Bxh2 45. Rc6+ Rd6 46. Rxd6+ Bxd6 47. Kd3 Kf5
48. Kc4 Ke6 49. Kb5 Bc5 50. Bxa5 $1) 45. Bg3 Be3 $2 ({I could not find a win
for White in the rook ending} 45... Bxg3 $1 46. Rxg3+ (46. Rc6+ Kf7 47. hxg3
Re2+ 48. Kb1 b5 49. Rc5 Re1+ 50. Kb2 Re2+ 51. Rc2 Re5 52. Ka3 Rg5 $11) 46...
Kf5 47. h4 Re2+ 48. Kb1 Rh2 49. Rg5+ Ke4 50. Rb5 Rxh4 51. Rxb6 Kd4 52. Rc6 (52.
a4 Kc3 53. Ka2 Rh2+ 54. Ka3 Rh1 55. Rc6+ Kd4 56. Kb2 Rh2+ 57. Rc2 Rxc2+ $11)
52... Kd5 53. Rc8 a4 54. Kb2 axb3 55. axb3 Rh7 56. b4 Kd6 57. Kb3 Rc7 $11) 46.
Kd3 Bc5 47. Kc4 $16 {Now the king reaches the dream square b5 and Black's fate
is sealed.} a4 48. Kb5 axb3 49. axb3 Re2 50. Bc7 Re6 51. b4 Be7 52. Rc4 Kf5 53.
Bxb6 Bd6 54. Bc7 1-0